B34_小学校4年生で習う漢字で書けるようになる市区町村 - Statistics

General Stats
  • This quiz has been taken 11 times
  • The average score is 244 of 280
Answer Stats
都道府県名 種類 市町村名 % Correct
愛媛県 愛南町
100%
広島県 安芸太田町
100%
高知県 安芸市
100%
広島県 安芸高田市
100%
岡山県 浅口市
100%
栃木県 足利市
100%
奈良県 明日香村
100%
長野県 飯田市
100%
島根県 飯南町
100%
長野県 飯山市
100%
和歌山県 印南町
100%
大阪府 茨木市
100%
茨城県 茨城町
100%
岡山県 井原市
100%
大阪府 大阪市
100%
広島県 大崎上島町
100%
宮城県 大崎市
100%
鹿児島県 大崎町
100%
秋田県 男鹿市
100%
長野県 岡谷市
100%
岡山県 岡山市
100%
沖縄県 沖縄市
100%
石川県 加賀市
100%
鹿児島県 鹿児島市
100%
兵庫県 加西市
100%
佐賀県 鹿島市
100%
兵庫県 加東市
100%
高知県 香美市
100%
兵庫県 香美町
100%
和歌山県 上富田町
100%
山口県 上関町
100%
宮城県 加美町
100%
岐阜県 岐阜市
100%
京都府 京田辺市
100%
大阪府 熊取町
100%
三重県 熊野市
100%
広島県 熊野町
100%
熊本県 熊本市
100%
福島県 郡山市
100%
青森県 佐井村
100%
福井県 坂井市
100%
佐賀県 佐賀市
100%
千葉県 佐倉市
100%
栃木県 佐野市
100%
北海道 鹿追町
100%
北海道 鹿部町
100%
静岡県 静岡市
100%
山口県 下関市
100%
山口県 周南市
100%
京都府 城陽市
100%
岐阜県 関ケ原町
100%
岐阜県 関市
100%
岐阜県 多治見市
100%
和歌山県 田辺市
100%
大阪府 千早赤阪村
100%
島根県 知夫村
100%
徳島県 徳島市
100%
栃木県 栃木市
100%
富山県 富山市
100%
大阪府 富田林市
100%
長崎県 長崎市
100%
新潟県 新潟市
100%
福井県 福井市
100%
福岡県 福岡市
100%
兵庫県 福崎町
100%
宮城県 松島町
100%
大阪府 松原市
100%
長野県 松本市
100%
愛媛県 松山市
100%
長野県 南牧村
100%
京都府 南山城村
100%
宮崎県 都城市
100%
宮崎県 宮崎市
100%
徳島県 三好市
100%
兵庫県 養父市
100%
熊本県 山鹿市
100%
奈良県 大和郡山市
100%
和歌山県 湯浅町
100%
山形県 遊佐町
100%
岐阜県 養老町
100%
千葉県 四街道市
100%
石川県 輪島市
100%
京都府 和束町
100%
神奈川県 愛川町
88%
愛知県 愛西市
88%
北海道 愛別町
88%
北海道 赤井川村
88%
福島県 浅川町
88%
福岡県 朝倉市
88%
静岡県 熱海市
88%
長野県 飯島町
88%
秋田県 井川町
88%
徳島県 石井町
88%
茨城県 石岡市
88%
岩手県 一関市
88%
京都府 井手町
88%
沖縄県 糸満市
88%
愛媛県 今治市
88%
青森県 今別町
88%
愛知県 岩倉市
88%
千葉県 印西市
88%
神奈川県 海老名市
88%
北海道 遠別町
88%
東京都 青梅市
88%
神奈川県 大井町
88%
秋田県 大潟村
88%
愛知県 大府市
88%
愛知県 岡崎市
88%
佐賀県 小城市
88%
福岡県 小郡市
88%
福岡県 遠賀町
88%
神奈川県 開成町
88%
兵庫県 加古川市
88%
秋田県 潟上市
88%
秋田県 鹿角市
88%
千葉県 香取市
88%
鹿児島県 鹿屋市
88%
兵庫県 上郡町
88%
北海道 上富良野町
88%
佐賀県 神埼市
88%
茨城県 北茨城市
88%
沖縄県 北中城村
88%
岐阜県 岐南町
88%
北海道 京極町
88%
神奈川県 清川村
88%
岐阜県 郡上市
88%
山口県 下松市
88%
北海道 訓子府町
88%
高知県 香南市
88%
福岡県 古賀市
88%
東京都 小金井市
88%
北海道 小清水町
88%
石川県 小松市
88%
徳島県 小松島市
88%
千葉県 栄町
88%
長野県 栄村
88%
岐阜県 坂祝町
88%
高知県 佐川町
88%
長崎県 佐々町
88%
兵庫県 佐用町
88%
千葉県 酒々井町
88%
北海道 | 静岡県 清水町
88%
北海道 初山別村
88%
宮崎県 新富町
88%
新潟県 関川村
88%
埼玉県 草加市
88%
富山県 高岡市
88%
群馬県 高崎市
88%
宮城県 多賀城市
88%
滋賀県 多賀町
88%
香川県 高松市
88%
佐賀県 太良町
88%
沖縄県 多良間村
88%
福島県 天栄村
88%
愛知県 東栄町
88%
岐阜県 土岐市
88%
高知県 土佐市
88%
高知県 土佐清水市
88%
高知県 土佐町
88%
東京都 利島村
88%
群馬県 富岡市
88%
福島県 富岡町
88%
岐阜県 富加町
88%
千葉県 富里市
88%
宮城県 富谷市
88%
山形県 長井市
88%
神奈川県 中井町
88%
京都府 長岡京市
88%
新潟県 長岡市
88%
沖縄県 中城村
88%
鹿児島県 中種子町
88%
高知県 中土佐町
88%
北海道 中富良野町
88%
奈良県 奈良市
88%
千葉県 成田市
88%
沖縄県 南城市
88%
群馬県 南牧村
88%
鹿児島県 日置市
88%
大阪府 東大阪市
88%
広島県 | 東京都 府中市
88%
広島県 府中町
88%
北海道 富良野市
88%
奈良県 平群町
88%
北海道 別海町
88%
鳥取県 北栄町
88%
北海道 | 愛媛県 松前町
88%
長野県 松川町
88%
長野県 松川村
88%
三重県 松阪市
88%
静岡県 松崎町
88%
神奈川県 松田町
88%
千葉県 松戸市
88%
愛媛県 松野町
88%
秋田県 三種町
88%
鹿児島県 南種子町
88%
北海道 南富良野町
88%
栃木県 真岡市
88%
岐阜県 本巣市
88%
山梨県 山梨市
88%
山形県 山辺町
88%
茨城県 結城市
88%
和歌山県 由良町
88%
岩手県 陸前高田市
88%
北海道 陸別町
88%
長野県 上松町
75%
愛知県 安城市
75%
新潟県 出雲崎町
75%
熊本県 産山村
75%
福島県 大熊町
75%
長野県 大鹿村
75%
福岡県 大野城市
75%
京都府 大山崎町
75%
埼玉県 小鹿野町
75%
北海道 置戸町
75%
北海道 帯広市
75%
福島県 鏡石町
75%
岡山県 鏡野町
75%
愛知県 春日井市
75%
岩手県 金ケ崎町
75%
神奈川県 川崎市
75%
宮城県 | 福岡県 川崎町
75%
岐阜県 川辺町
75%
香川県 観音寺市
75%
奈良県 上牧町
75%
宮崎県 木城町
75%
福島県 北塩原村
75%
北海道 共和町
75%
北海道 清里町
75%
宮崎県 国富町
75%
埼玉県 熊谷市
75%
北海道 黒松内町
75%
高知県 芸西村
75%
愛知県 小牧市
75%
長野県 坂城町
75%
熊本県 相良村
75%
北海道 島牧村
75%
北海道 白老町
75%
埼玉県 白岡市
75%
千葉県 白井市
75%
愛知県 新城市
75%
三重県 玉城町
75%
熊本県 多良木町
75%
北海道 天塩町
75%
愛知県 飛島村
75%
高知県 奈半利町
75%
宮崎県 西米良村
75%
岩手県 西和賀町
75%
福島県 二本松市
75%
青森県 野辺地町
75%
北海道 登別市
75%
長崎県 波佐見町
75%
大阪府 阪南市
75%
宮城県 東松島市
75%
埼玉県 東松山市
75%
大分県 別府市
75%
宮城県 南三陸町
75%
山形県 最上町
75%
千葉県 八街市
75%
宮城県 利府町
75%
鹿児島県 天城町
63%
群馬県 板倉町
63%
愛知県 大治町
63%
福岡県 香春町
63%
千葉県 神崎町
63%
秋田県 五城目町
63%
栃木県 塩谷町
63%
北海道 標茶町
63%
茨城県 城里町
63%
沖縄県 竹富町
63%
北海道 当別町
63%
茨城県 利根町
63%
北海道 中札内村
63%
北海道 七飯町
63%
熊本県 南関町
63%
北海道 本別町
63%
北海道 芽室町
63%
No matching quizzes found
Score Distribution
Percent of People with Each Score
Percentile by Number Answered
Your Score History
You have not taken this quiz